| 000 | 00716pam a2200229 4500 | ||
|---|---|---|---|
| 001 | 5835 | ||
| 003 | Uk | ||
| 005 | 20181127180359.0 | ||
| 008 | 140401s2014 enka j 000 1 eng d | ||
| 020 |
_a9781409562184 _c |
||
| 100 | 1 | _aBourne, Holly, | |
| 245 | 1 | 4 |
_aThe manifesto on how to be interesting / _cHolly Bourne. |
| 264 | 1 |
_aLondon : _bUsborne, _c2014. |
|
| 300 |
_a447 pages : _billustrations (black and white) ; _c20 cm. |
||
| 336 |
_astill image _2rdacontent. |
||
| 336 |
_atext _2rdacontent. |
||
| 337 |
_aunmediated _2rdamedia. |
||
| 338 |
_avolume _2rdacarrier. |
||
| 650 |
_aMan-woman relationships -- Fiction. _v _x _y _z _2 |
||
| 650 |
_aTeenage girls -- Fiction. _v _x _y _z _2 |
||
| 655 | 0 | _aYoung adult fiction. | |
| 999 |
_c4927 _d4927 |
||